| 000 | 00338cam a22001217a 4500 | ||
|---|---|---|---|
| 008 | 180718b xxu||||| |||| 00| 0 eng d | ||
| 082 | _aA98x54 W673 | ||
| 245 |
_aGreat men of India _cedited by L.F. Rushbrook Williams |
||
| 260 |
_a _bHome Library Club _c |
||
| 300 | _a640p. | ||
| 650 | _aGreat men --India | ||
| 700 | _aWilliams, L.F. Rushbrook | ||
| 999 |
_c438740 _d438740 |
||